00673cam a22002531 4500001001300000003000400013005001700017008004100034010001700075035002000092040001800112042001200130043001200142050001800154100006200172245002600234250001400260260001000274300002600284500001400310504003500324650004300359999001700402sa 68012951 DLC20260227112617.0891025s1967 ii b 000 0 tamo  asa 68012951  a(OCoLC)20549533 aDLCcWaUdDLC apremarc aa-ii---00aPL4751b.D4251 aTēvanēyan̲, Ñā.q(Ñānamuttan̲),d1902-1981.10aTamil̲ varalār̲u. a[1st ed.] c1967. axxiii, 319 p.c22 cm. aIn Tamil. aBibliography : p. [xxi]-xxiii. 0aTamil languagexHistory and criticism. c84834d84834